| 000 | 01606cam a2200385 a 4500 | ||
|---|---|---|---|
| 001 | EDZ0000067641 | ||
| 003 | StDuBDS | ||
| 005 | 20161031105125.0 | ||
| 006 | m||||||||d|||||||| | ||
| 007 | cr ||||||||||| | ||
| 008 | 120405s2004 enka fo| 001|0|eng d | ||
| 020 |
_a9781446211571 (ebook) : _cNo price |
||
| 040 |
_aStDuBDS _beng _cStDuBDS _epn |
||
| 049 | _aAlfaisal Main Library | ||
| 050 | 0 |
_aHD30.4 _b.E846 2004 |
|
| 082 | 0 | 4 |
_a658 _223 |
| 245 | 0 | 0 |
_aEssential readings in management learning _h[electronic resource] / _cedited by Christopher Grey and Elena Antonacopoulou. |
| 260 |
_aLondon : _bSAGE, _cc2004. |
||
| 300 |
_a1 online resource (vi, 429 p.) : _bill. |
||
| 504 | _aIncludes bibliographical references and index. | ||
| 520 | 8 | _aThis collection provides readings grouped under six key headings: organizational learning and learning organizations individual learning; learning and new technology; critical approaches to management education; pedagogical practice; and globalization and management learning. | |
| 521 | _aSpecialized. | ||
| 588 | _aDescription based on print version record. | ||
| 650 | 0 | _aManagement. | |
| 650 | 0 | _aOrganizational learning. | |
| 650 | 0 | _aOrganizational sociology. | |
| 650 | 0 | _aBusiness education. | |
| 655 | 7 |
_aElectronic books. _2local |
|
| 700 | 1 |
_aGrey, Christopher, _d1964- |
|
| 700 | 1 | _aAntonacopoulou, Elena P. | |
| 710 | 2 | _aSage eBooks | |
| 776 | 0 | 8 |
_iPrint version : _z9781412901420 |
| 856 | 4 | 0 | _uhttp://ezproxy.alfaisal.edu/login?url=http://sk.sagepub.com/books/essential-readings-in-management-learning |
| 942 |
_2lcc _cEBOOKS |
||
| 999 |
_c479804 _d479804 |
||